000 00801cam a2200241 4500
999 _c20772
_d20772
001 279148
003 BDDh-ASL
005 20231015025932.0
008 700821s19631955nyu 001 0 eng
010 _a 64009828
040 _aDLC
_cDLC
_dDLC
_dBDDh-ASL
050 0 0 _aBP109
_b.A7 1955a
082 0 0 _a297.12
_bQUK
130 _aKoran. English.
245 1 4 _aThe Koran interpreted, Volume-2 /
_cby Arthur J. Arberry.
260 _aLondon:
_bGeorge Allen & Unwin,
_c1963.
300 _a367 p.
_c23 cm.
650 0 _91652
_aIslam
650 0 _aReligion, ধর্ম, Dharma, faith, creed, law, worship, property, আস্তিকতা, দীন
_92606
700 1 _aArberry, A. J.
_q(Arthur John),
_d1905-1969,
_etr.
906 _a7
_bcbc
_corignew
_du
_encip
_f19
_gy-gencatlg
942 _2ddc
_cBK